| 000 | 00629cam a22002054a 4500 | ||
|---|---|---|---|
| 001 | 12127461 | ||
| 005 | 20250326123509.0 | ||
| 008 | 000802s2001 maua b 001 0 eng | ||
| 020 | _a0072314893 (pbk. : alk. paper) | ||
| 050 | 0 | 0 |
_aHB172.5 _b.S255 2001 |
| 082 | 0 | 0 |
_a339 _221 |
| 100 | 1 |
_aSamuelson, Paul A. _q(Paul Anthony), _d1915-2009. |
|
| 245 | 1 | 0 |
_aMacroeconomics / _cPaul A. Samuelson, William D. Nordhaus. |
| 250 | _a17th ed. | ||
| 260 |
_aBoston, Mass. : _bMcGraw-Hill/Irwin, _cc2001. |
||
| 300 |
_axxii, 452 p. : _bill. ; _c26 cm. |
||
| 650 | 0 | _aMacroeconomics. | |
| 700 | 1 | _aNordhaus, William D. | |
| 942 |
_2lcc _cBK _n0 |
||
| 999 |
_c5213 _d5213 |
||